| 000 | 00827cam a22002413a 4500 | ||
|---|---|---|---|
| 001 | 6355 | ||
| 003 | PGUSA | ||
| 005 | 20140828083131.0 | ||
| 008 | 040801s2004||||xxu|||||s|||||000 | eng d | ||
| 040 |
_aPGUSA _beng |
||
| 042 | _adc | ||
| 050 | 4 | _aQH | |
| 100 | 1 |
_aBurroughs, John, _d1837-1921 |
|
| 245 | 1 | 0 |
_aLocusts and Wild Honey _h[electronic resource] / _cJohn Burroughs |
| 260 |
_bProject Gutenberg, _c2004 |
||
| 505 | 0 | _aThe pastoral bees -- Sharp eyes -- Strawberries -- Is it going to rain? -- Speckled trout -- Birds and birds -- A bed of boughs -- Birds'-nesting -- The halcyon in Canada. | |
| 506 | _aPublic domain in the USA. | ||
| 516 | _aElectronic text | ||
| 653 | _aNatural history -- Outdoor books | ||
| 830 | 0 |
_aProject Gutenberg _v6355 |
|
| 856 | 4 | 0 | _uhttp://www.gutenberg.org/ebooks/6355 |
| 942 | _cEB | ||
| 999 |
_c235678 _d235678 |
||